000 00244nam a2200097Ia 4500
001 1250289
005 20251031150853.0
008 251031s9999 xx 000 0 und d
245 0 _cH. NİHAL ATSIZ
_aC-1 HİKAYELER
260 _bÖTÜKEN YAYINLARI
999 _c1250289
_d1250289